000 00468nam a2200181Ia 4500
001 12897
005 20260306163014.0
008 260306t1994||||xx |||||||||||||| ||spa||
041 _aESP
082 _aRD 463
_bD35
100 _aDe las Heras Fernández, Juan Antonio
_eAUT
245 0 _aDiccionario didáctico de español intermedio
260 _c1994
300 _axiii, 1296 páginas :
_c23 cm.
650 _aGEN
654 _aCHU
942 _cDIC
_dJUS
_fJUS
_2ddc
_n
999 _c12897
_d12897